000 01320nam a2200265Ia 4500
999 _c50638
_d50638
001 17588
003 GE_BSU
005 20200220110924.0
008 181216s2012ge xx |||||||||||||| ||geo||
020 _a978-9941-0-4636-0
040 _cGE_BSU
041 _ageo
080 _a528.9 გ-70
100 _aგორდეზიანი, თენგიზ.
_97200
245 _aკარტოგრაფიული კონცეფციები = Картографические концепции = Cartographical concepts :
_b(თეორიული ანალიზი) /
_cთენგიზ გორდეზიანი ; რედ. ვლადიმირ ტიკუნოვი ; ჯანსუღ კეკელია .
264 _aთბილისი :
_b[გეოიდი-2011],
_c2012.
300 _a193 გვ;
_c20 სმ.
504 _a ბიბლიოგრ.: გვ. 182-192.
546 _aთავფურ. ქართ., რუს. და ინგლ..
653 _aკარტოგრაფია
653 _aგეოგრაფია
700 _aტიკუნოვი, ვლადიმირ
_eრედაქტორი
_97201
700 _aკეკელია, ჯანსუღ
_eრედაქტორი
_97202
942 _cBK
_2udc